[Event "Nikaia op 22nd"]
[Site "Nikaia"]
[Date "2014.08.28"]
[Round "3"]
[White "Petougias, Georgios"]
[Black "Stratigopoulos, Sotirios"]
[Result "1-0"]
[WhiteElo "1949"]
[BlackElo "1628"]
[PlyCount "45"]
[EventDate "2014.08.26"]
[EventType "swiss"]
[EventRounds "9"]
[EventCountry "GRE"]
[SourceTitle "CBM 162 Extra"]
[Source "ChessBase"]
[SourceDate "2014.10.17"]
[SourceVersion "1"]
[SourceVersionDate "2014.10.17"]
[SourceQuality "1"]

1. e4 g6 2. d4 Bg7 3. Nc3 d6 4. f4 c5 5. Be3 Qa5 6. Qd2 cxd4 7. Bxd4 Bxd4 8. Qxd4 Nf6 9. e5 Nc6 10. Bb5 dxe5 11. fxe5 Ng4 12. e6 Nf6 13. exf7+ Kxf7 14. Qf2 Bf5 15. 0-0-0 Nb4 16. Bc4+ Kg7 17. Bb3 Rac8 18. Nge2 Ng4 19. Qh4 Qc5 20. Nd4 Ne3 21. Rhe1 Qe5 22. Qg5 Nbxc2 23. Bxc2 1-0

[Event "Aegean op 37th"]
[Site "Aghios Kirykos"]
[Date "2014.07.18"]
[Round "8"]
[White "Petougias, Georgios"]
[Black "Kokkalis, Vasilios"]
[Result "1-0"]
[WhiteElo "1939"]
[BlackElo "2093"]
[PlyCount "87"]
[EventDate "2014.07.12"]
[EventType "swiss"]
[EventRounds "9"]
[EventCountry "GRE"]
[SourceTitle "CBM 161 Extra"]
[Source "ChessBase"]
[SourceDate "2014.08.29"]
[SourceVersion "1"]
[SourceVersionDate "2014.08.29"]
[SourceQuality "1"]

1. e4 e5 2. Nf3 d6 3. d4 exd4 4. Nxd4 Nf6 5. Nc3 Be7 6. Bc4 0-0 7. 0-0 c6 8. a4 Nxe4 9. Nxe4 d5 10. Bd3 dxe4 11. Bxe4 Na6 12. c3 Nc5 13. Bc2 Re8 14. Qf3 Ne6 15. Nf5 Bf8 16. Qg3 Qf6 17. Nh6+ Kh8 18. Ng4 Qd8 19. Rd1 Qe7 20. Re1 g6 21. f4 f5 22. Ne5 Qf6 23. b4 c5 24. Bb2 Ng7 25. Bb3 Be6 26. Bxe6 Qxe6 27. c4 cxb4 28. Re2 Rad8 29. Rae1 Kg8 30. Kh1 Qd6 31. Qb3 Qc5 32. Ba1 Re6 33. h3 Nh5 34. Qf3 Rde8 35. g4 fxg4 36. hxg4 Nf6 37. Qxb7 Qe7 38. Qf3 Bg7 39. f5 gxf5 40. gxf5 Rb6 41. Ng4 Qf8 42. Nxf6+ Rxf6 43. Rxe8 Rh6+ 44. Kg2 1-0

[Event "Ambelokipi op 141st"]
[Site "Athens"]
[Date "2014.02.12"]
[Round "6"]
[White "Petougias, Georgios"]
[Black "Loupos, Vasilios"]
[Result "1-0"]
[WhiteElo "1901"]
[BlackElo "2007"]
[PlyCount "71"]
[EventDate "2014.01.08"]
[EventType "swiss"]
[EventRounds "7"]
[EventCountry "GRE"]
[SourceTitle "EXT 2016"]
[Source "ChessBase"]
[SourceDate "2015.10.08"]
[SourceVersion "1"]
[SourceVersionDate "2015.10.08"]
[SourceQuality "1"]

1. e4 g6 2. d4 Bg7 3. Nc3 d6 4. f4 c6 5. Nf3 Qb6 6. h3 e6 7. Bc4 d5 8. Bb3 Ne7 9. Be3 0-0 10. e5 Qc7 11. g4 f6 12. 0-0 Nd7 13. Ne2 b6 14. c3 Ba6 15. Rf2 c5 16. Ng3 Kh8 17. h4 h6 18. h5 fxe5 19. dxe5 g5 20. fxg5 Bxe5 21. Ne2 Bg3 22. Rf1 d4 23. cxd4 c4 24. d5 cxb3 25. dxe6 Nc5 26. Qd4+ Kg8 27. gxh6 Nc6 28. Qd5 Bxe2 29. e7+ Rf7 30. h7+ Kh8 31. Qxf7 Qxe7 32. Bd4+ Nxd4 33. Qxe7 Nxf3+ 34. Rxf3 Bxf3 35. h6 Be5 36. Qxe5+ 1-0

[Event "Nikea Fysiolatriko-A 11th"]
[Site "Nikea"]
[Date "2013.06.21"]
[Round "3"]
[White "Korniotis, Filippos"]
[Black "Petougias, Georgios"]
[Result "1-0"]
[WhiteElo "1884"]
[BlackElo "1925"]
[PlyCount "99"]
[EventDate "2013.06.19"]
[EventType "swiss"]
[EventRounds "9"]
[EventCountry "GRE"]
[SourceTitle "EXT 2024"]
[Source "ChessBase"]
[SourceDate "2023.10.10"]
[SourceVersion "1"]
[SourceVersionDate "2023.10.10"]
[SourceQuality "1"]

1. d4 c5 2. d5 e5 3. e4 d6 4. Be2 f5 5. Nc3 Nf6 6. Bg5 Be7 7. Bxf6 Bxf6 8. Bb5+ Bd7 9. exf5 Bxb5 10. Qh5+ Ke7 11. Nxb5 Qa5+ 12. Nc3 Na6 13. Nge2 Nc7 14. 0-0 Qb4 15. f4 Rag8 16. fxe5 Bxe5 17. Rae1 Kd8 18. Qh3 h5 19. Nf4 Bxf4 20. Qh4+ Kc8 21. Qxf4 Qxf4 22. Rxf4 Re8 23. Ne4 Kd8 24. c4 Re5 25. Ref1 Ne8 26. Ng5 Ke7 27. Ne6 a6 28. Nxg7 Nf6 29. Ne6 Rg8 30. h3 Re2 31. R4f2 Re3 32. Nf4 Kf7 33. Re2 Rge8 34. Rfe1 Rxe2 35. Rxe2 Rxe2 36. Nxe2 Ne4 37. b3 b5 38. Nf4 bxc4 39. bxc4 Nd2 40. Nxh5 Nxc4 41. Kf2 Nb6 42. g4 Nxd5 43. g5 a5 44. g6+ Kg8 45. f6 a4 46. Ke2 a3 47. Kd3 Nb4+ 48. Kc4 Nxa2 49. f7+ Kf8 50. Nf6 1-0